| 000 | 00362nam a2200145Ia 4500 | ||
|---|---|---|---|
| 008 | 150201s2007 xx 000 0 und d | ||
| 082 |
_a616 _bI2007R |
||
| 100 | _aDR.REDDY | ||
| 245 | _a100 CLINICAL QUESTION IN GASTROENTERLOGY | ||
| 250 | _a1ST | ||
| 260 |
_bIJCP PUBLISHERS _aDELHI _c2007 |
||
| 300 | _aJan-96 | ||
| 650 | _aGENERAL DENTISTRY | ||
| 942 |
_2ddc _cBK |
||
| 999 |
_c4096 _d4096 |
||